| 000 | 03272ngm a2200661 a 4500 | ||
|---|---|---|---|
| 003 | BLK | ||
| 005 | 20240528150024.0 | ||
| 008 | 180410b bul||n||s|||||||| m|bulo| | ||
| 010 | _aCDD00005210000 | ||
| 040 | _aBLK | ||
| 041 |
_aBUL _cBUL |
||
| 072 | 7 |
_2bullib _aФ0602 _xДокументални филми Ф |
|
| 072 | 7 |
_2bullib _aК _xКраезнание |
|
| 080 |
_aОтрицателното отношение на населението към държавата. Несъгласие. Съпротива. Бунт. Вж и 329.73 _b323.22 _x:504.3.054(497.215)(086.8) _z323.22:504.3.054(497.215)(086.8) |
||
| 080 |
_aЗамърсяване на въздуха _b504.3.054 _x(497.215)(086.8) _z504.3.054(497.215)(086.8) |
||
| 080 |
_aЖената и политиката. Женско движение - Женски организации. Международен ден на жената. Участие на жените в обществено-политическия живот _b396.9 _x(497.215)(092)(086.8) _z396.9(497.215)(092)(086.8) |
||
| 080 |
_aФилмова информация. Кинохроники _b791.43-92 _z791.43-92 |
||
| 080 |
_aБиографии _b929 _x(497.215) _z929(497.215) |
||
| 139 |
_aШест жени [видео DVD] _bШ 58 |
||
| 245 | 1 | 0 |
_aШест жени [видео DVD] _cсценарист Детелина Каменова; сценарист Веселина Йорданова Антонова; режисьор Владимир Кондов; оператор Никола Тодоров. |
| 257 | _aBGR | ||
| 260 |
_bРегион. телевизионен център _c[2008] _aРусе |
||
| 300 |
_a( 1,73 GB) _c12 см |
||
| 380 | _a7 | ||
| 490 | _aОпознайте историята и забележителностите на родния край с филмите на РТВЦ - Русе | ||
| 500 | _aДигитално изд. | ||
| 650 | 4 |
_aРусе - екологични проблеми _9292757 |
|
| 650 | 4 |
_aЖени - участие в обществено-политическия живот _9278796 |
|
| 650 | 4 |
_aЖени - Русе _9354996 |
|
| 651 | 4 |
_aРусе _9179462 |
|
| 653 | _aобгазяване | ||
| 653 | _aхлор | ||
| 653 | _aекопротести | ||
| 653 | _aжени | ||
| 653 | _aбългарска история | ||
| 653 | _aЦонка Букурова | ||
| 653 | _aВяра Георгиева | ||
| 653 | _aДора Бобева | ||
| 653 | _aСтефка Монова | ||
| 653 | _aЕвгения Желева | ||
| 653 | _aАлбена Велкова | ||
| 659 | _aК | ||
| 659 | _aФ | ||
| 700 | 1 |
_aКаменова, Детелина _eсценарист _9387878 |
|
| 700 | 1 |
_aАнтонова, Веселина Йорданова _eсценарист _9365633 |
|
| 700 | 1 |
_aКондов, Владимир _eрежисьор _9354995 |
|
| 700 | 1 |
_aТодоров, Никола _eоператор _9382699 |
|
| 852 |
_aЦб CD 3003 _p0 |
||
| 852 | _aК 32/Ш 58 | ||
| 856 | 4 |
_qpdf _u |
|
| 856 | 4 |
_qpdf _u |
|
| 942 |
_cCDD _n0 _s1 |
||
| 944 |
_aCR _c19.10.2011 _k30553 _lИваничка Йорданова |
||
| 944 |
_aED _c19.09.2013 |
||
| 999 |
_c223483 _d223483 |
||
| 999 | _d223483 | ||
| 999 | _d223483 | ||
| 999 | _d223483 | ||